|
|
|
|
| LEADER |
00000nam a2200000 a 4500 |
| 001 |
vtls001060239 |
| 003 |
SK-MaSNL |
| 005 |
20260301232615.0 |
| 008 |
250225s1989 xo a f f 001 0 slo |
| 015 |
|
|
|a SNBA1990/02
|
| 020 |
|
|
|a 8008000392
|
| 035 |
|
|
|a SNK000003067
|
| 035 |
|
|
|a urn:nbn:sk:snk-amljxl
|
| 035 |
|
|
|a urn:nbn:sk:snk-am00bm97
|
| 035 |
|
|
|a 4DC33E8D-F8C5-435F-81DA-44EA18C149C6
|
| 040 |
|
|
|a SNK
|b slo
|c SNK
|e AACR2
|
| 041 |
0 |
|
|a slo
|
| 044 |
|
|
|a xo
|c SK
|
| 080 |
|
|
|a 371.3:372.48(072)
|2 1981
|
| 080 |
|
|
|a 372.48(072)
|2 1981
|
| 080 |
|
|
|a 373.23/.24(072)
|2 1981
|
| 100 |
1 |
|
|a Havranová, Alžbeta,
|d 1958-
|4 aut
|9 8397
|
| 245 |
1 |
0 |
|a Príroda okolo nás
|b metodická príručka pre učiteľky materských škôl
|c Alžbeta Havranová ; Zdeněk Berger, Ján Maget, Tibor Hrabovský
|
| 250 |
|
|
|a 1. vyd.
|
| 260 |
|
|
|a Bratislava
|b Slovenské pedagogické nakladateľstvo
|c 1989
|
| 300 |
|
|
|a 120 s.
|c 26 cm
|
| 366 |
|
|
|e 13000 výt.
|
| 500 |
|
|
|a Rozlož. ilustr. tit. list. Ilustr. na tit. liste a predsádkach. Schválilo MŠ SSR
|
| 504 |
|
|
|a Bibliogr.
|
| 650 |
0 |
7 |
|a prírodoveda
|2 SNKPH
|9 3960
|
| 650 |
0 |
7 |
|a materské školy
|2 SNKPH
|9 1278
|
| 655 |
|
7 |
|a metodické príručky
|2 SNKPH
|9 70250
|
| 700 |
1 |
|
|a Berger, Zdeněk,
|d 1933-2017
|4 ill
|9 42072
|
| 700 |
1 |
|
|a Maget, Ján
|4 ill
|9 45462
|
| 700 |
1 |
|
|a Hrabovský, Tibor
|4 ill
|9 276833
|
| 919 |
|
|
|a 80-08-00039-2
|
| 958 |
|
|
|a EUIPO
|
| 958 |
|
|
|a OND
|
| 958 |
|
|
|a UO
|
| 958 |
|
|
|a [BK]
|
| 958 |
|
|
|a TL
|
| 958 |
|
|
|a NB
|
| 999 |
|
|
|c 961985
|d 963915
|
| 952 |
|
|
|a SNK
|b SNK
|y PREZ
|7 0
|p 17A0463612
|o snkSB 45994
|i snkKSP 173/90
|0 0
|1 0
|4 0
|d 2006-02-24
|f 1
|l 0
|r 2025-05-19 00:00:00
|w 2026-02-24
|
| 952 |
|
|
|a SNK
|b SNK
|y VYP
|7 0
|p 17A0150374
|o snkSB 45994 D1
|i snkKSP 174/90
|0 0
|1 0
|4 0
|d 1998-08-04
|l 0
|r 2004-12-31 00:00:00
|w 2026-02-24
|
| 952 |
|
|
|a SNKLM
|b SNKLM
|y NEVYP
|7 0
|o snklmKK 839
|i snklm735/2001
|8 7
|0 0
|1 0
|4 0
|d 2006-06-27
|l 0
|r 2026-02-24 10:23:24
|w 2026-02-24
|